000 00628pam a2200241 a 4500
001 2541897
003 OSt
005 20160402090109.0
008 940810s1994 maub 000 1 eng
010 _a 94023281
020 _a0316955256
020 _a0316955272 (deluxe ed.)
040 _aSEKU
050 0 0 _aPS 3545
_b.W6
082 0 0 _a813/.54
_220
100 1 _aWouk, Herman,
_d1915-
245 1 4 _aThe glory :
_ba novel /
_cHerman Wouk.
260 _aBoston :
_bLittle, Brown,
_c1994.
300 _a685 p. :
_bmaps ;
_c25 cm.
651 0 _aIsrael
_vFiction.
655 7 _aHistorical fiction.
_2gsafd
942 _2lcc
_cGEN
999 _c12388
_d12388